| 000 | 00524nam a2200169 a 4500 | ||
|---|---|---|---|
| 001 | 000033976 | ||
| 005 | 20200930070653.0 | ||
| 008 | 110919s1958 cu 000 0 spa d | ||
| 040 |
_aDO-SdBNP _bspa _cBNPHU |
||
| 082 |
_axxxx _bB737 |
||
| 100 | 1 |
_aBorrero Pérez, Juan G. _959435 |
|
| 245 | 1 | 3 |
_aLa cubanía aniquilada / _cJuan G. Borrero Pérez. |
| 260 |
_aCuba : _bImpresora "Iris", _c1958. |
||
| 300 |
_a242 p. ; _c21 cm. |
||
| 590 | _aPerteneció a la biblioteca personal de Juan Isidro Jimenes Grullón | ||
| 049 | _aBNPD | ||
| 999 |
_c33467 _d33467 |
||